00726nam a22001697a 4500008004100000040005500041080002700096245005900123250001200182260004500194300001500239500021500254650002000469653002200489653001600511700002900527230313b |||||||| |||| 00| 0 eng d aNational Science LibrarycNational Science Library aD 026+002.6(71+72)bK3 aDirectory of special libraries and information centres a8th ed. aDetroit: bGale Research Company, c1963 aix, 836p.  aVol.1 (Descriptive listings A-N); ISBN: 0-8103-0357-4 ; xv, 846p. Vol.1 (Descriptive listings O-Z) ; ISBN: 0-8103-0357-4 ; xiii, 1640p. Vol.2 (Geographic and personnel indexes); ISBN: 0-8103-0358-2 ; ix, 836p.  aLibrary science aSpecial libraries aInformation10aDarnay, Brigitte T (Ed.)